| 000 | 01070naa a2200277 c 4500 | ||
|---|---|---|---|
| 001 | 32701 | ||
| 003 | ES-MaCES | ||
| 005 | 20150929131857.0 | ||
| 008 | 020411n2001 sp o t 000 | spa d | ||
| 035 | _aCES20020001685v | ||
| 040 |
_aES-MaCES _bspa _cES-MaCES |
||
| 100 | 1 |
_911083 _aDurán López, Federico |
|
| 245 | 1 | 3 |
_aEl papel del Consejo Económico y Social de España en el diálogo euromediterráneo _b: los retos de 2002 _cFederico Durán López |
| 610 | 2 | 4 |
_aConsejo Económico y Social (España) _92408 |
| 650 | 4 |
_apapel de España _929138 |
|
| 650 | 4 |
_aplan de acción _930406 |
|
| 650 | 4 |
_aparticipación política _927242 |
|
| 650 | 4 |
_arelaciones internacionales _926675 |
|
| 653 | 1 | 0 | _aAdministración-Instituciones públicas |
| 650 | 4 |
_929234 _adesarrollo económico y social |
|
| 650 | 4 |
_927235 _agrupo de intereses |
|
| 773 | 0 |
_tDiálogo mediterráneo _gn. 22 (oct. 2001){55/958 R. 045444}; p. 14-15 _w(ES-MaCES)25920 _977711 |
|
| 902 | _aART Artículo de revista | ||
| 942 |
_2CES _cAR _h6.3. |
||
| 999 |
_c32701 _d32701 |
||